Vista normal
Vista MARC
Entrada Materia (personas)
Número de registros utilizados en: 1
001 - CONTROL NUMBER
- control field: 82482
003 - CONTROL NUMBER IDENTIFIER
- control field: Co-BoUCM
005 - DATE AND TIME OF LATEST TRANSACTION
- control field: 20161205114607.0
008 - FIXED-LENGTH DATA ELEMENTS
- fixed length control field: 161205|| aca||aabn | a|a d
040 ## - CATALOGING SOURCE
- Original cataloging agency: Co-BoUCM
- Transcribing agency: Co-BoUCM
100 ## - HEADING--PERSONAL NAME
- Personal name: Mussumi, Brian
670 ## - SOURCE DATA FOUND
- Source citation: Work cat.: (Co-BoUCM)305193: Mussumi, Brian, A shock to thought :, 2002.